[Event "Tournoi francophone 005 Groupe C"]
[Site "Skype"]
[Date "????.??.??"]
[Round "1.1"]
[White "Amadei, Lorenzo"]
[Black "L'Herbon De Lussats, Jean"]
[Result "0-1"]
[WhiteElo "1510"]
[BlackElo "1481"]
[PlyCount "84"]

1. e4 c5 2. Nf3 Nc6 3. Nc3 e5 4. d3 Nf6 5. Bg5 Be7 6. Be2 O-O 7. O-O h6 8. Bxf6
Bxf6 9. Nd5 d6 10. a3 Be6 11. b4 b5 12. bxc5 dxc5 13. c4 b4 14. Qa4 Bd7 15. Qb5
Nd4 16. Qxc5 Nxe2+ 17. Kh1 b3 18. Rab1 Nd4 19. Nxd4 exd4 20. Rxb3 Ba4 21. Rb4
Bc2 22. e5 Bxe5 23. Ne7+ Kh7 24. Qxe5 Bxd3 25. Rd1 Re8 26. Rb7 Bxc4 27. Rxd4
Qc8 28. Nxc8 Rxe5 29. Re7 Be6 30. Rd1 Rxc8 31. Rxa7 Rec5 32. h3 Rc1 33. Rxc1
Rxc1+ 34. Kh2 g5 35. a4 Kg6 36. a5 f5 37. a6 Ra1 38. Ra8 Bd5 39. Ra7 g4 40. Rd7
Be4 41. a7 Ra2 42. Rd8 Rxa7 0-1

[Event "Tournoi francophone 005 Groupe C"]
[Site "Skype"]
[Date "????.??.??"]
[Round "1.2"]
[White "Hargez, Dany"]
[Black "Le Brun, Yves"]
[Result "1-0"]
[WhiteElo "1462"]
[BlackElo "1516"]
[PlyCount "67"]

1. e4 g6 2. Nf3 d6 3. d4 Nd7 4. Bb5 Bg7 5. Bxd7+ Bxd7 6. e5 Bg4 7. Qd3 c6 8.
O-O Bxf3 9. Qxf3 dxe5 10. d5 cxd5 11. Nc3 Nf6 12. Re1 e4 13. Qh3 Nh5 14. Bg5 h6
15. Be3 e6 16. Rad1 Bxc3 17. bxc3 e5 18. Bc5 b6 19. Ba3 f5 20. Bc1 Rc8 21. g4
Nf4 22. Bxf4 exf4 23. gxf5 Rc5 24. Rxe4+ Kf7 25. fxg6+ Kg7 26. Rxf4 Rf8 27.
Rdd4 Qg5+ 28. Rg4 Qc1+ 29. Kg2 Qxc2 30. Rgf4 Rc7 31. Rxf8 Kxf8 32. Qxh6+ Rg7
33. Qh8+ Rg8 34. Rf4+ 1-0

[Event "Tournoi francophone 005 Groupe C"]
[Site "Skype"]
[Date "????.??.??"]
[Round "1.3"]
[White "Kruk, Clementine"]
[Black "Duthoit, Bernard"]
[Result "1-0"]
[WhiteElo "1443"]
[BlackElo "1539"]
[PlyCount "55"]

1. e4 e6 2. d4 d5 3. Nc3 dxe4 4. Nxe4 Nc6 5. Nf3 b6 6. Bb5 Bb7 7. Bf4 Be7 8.
Qe2 Nf6 9. O-O-O O-O 10. a3 Nh5 11. Bg3 f5 12. Nc3 Bg5+ 13. Nxg5 Qxg5+ 14. Kb1
Nd8 15. h4 Nxg3 16. hxg5 Nxe2 17. Nxe2 Bxg2 18. Rh2 Bf3 19. Rg1 Bxe2 20. Bxe2
Nf7 21. g6 hxg6 22. Rxg6 Rfe8 23. Rhg2 Kf8 24. Rxg7 Ke7 25. Bh5 Rf8 26. Rh7 Kf6
27. Rg6+ Ke7 28. Rgg7 1-0

[Event "Tournoi francophone 005 Groupe C"]
[Site "Skype"]
[Date "????.??.??"]
[Round "1.4"]
[White "Briere, Jean"]
[Black "De Coninck, Philippe"]
[Result "0-1"]
[WhiteElo "1390"]
[BlackElo "1475"]
[PlyCount "124"]

1. e4 e5 2. Nf3 Nf6 3. Nxe5 d6 4. Nf3 Nxe4 5. Qe2 Qe7 6. d3 Nf6 7. Nc3 Bd7 8.
Bg5 Qxe2+ 9. Bxe2 Be7 10. O-O O-O 11. d4 a6 12. Bxf6 Bxf6 13. Nd5 Bd8 14. Rfe1
Be6 15. Nf4 c6 16. Bd3 Re8 17. c4 d5 18. cxd5 cxd5 19. Nxd5 Nd7 20. Bf5 Nf6 21.
Nxf6+ Bxf6 22. Bxe6 Rxe6 23. Rxe6 fxe6 24. Rc1 Rd8 25. Rd1 e5 26. d5 e4 27. Ne1
Bxb2 28. Nc2 Kf7 29. Kf1 Kf6 30. Ke2 b5 31. Ne3 Ke5 32. f3 exf3+ 33. gxf3 h5
34. Rd3 Bd4 35. Nc2 Rxd5 36. Ne3 Bxe3 37. Rxe3+ Kf6 38. h4 Re5 39. f4 Rxe3+ 40.
Kxe3 Ke6 41. Ke4 g6 42. a3 Kd6 43. f5 gxf5+ 44. Kxf5 Ke7 45. Kg5 Kf7 46. Kxh5
Kg7 47. Kg5 Kh7 48. Kh5 a5 49. Kg5 b4 50. axb4 axb4 51. Kf6 b3 52. Ke5 b2 53.
Ke4 b1=Q+ 54. Ke5 Qe1+ 55. Kd5 Qxh4 56. Ke5 Kg6 57. Kd5 Kf5 58. Kd6 Qd4+ 59.
Kc6 Ke6 60. Kb5 Kd6 61. Ka5 Kc6 62. Ka6 Qb6# 0-1

[Event "Tournoi francophone 005 Groupe C"]
[Site "Skype"]
[Date "????.??.??"]
[Round "1.5"]
[White "Fouquereau, Andre"]
[Black "Talbot, Jacques"]
[Result "0-1"]
[WhiteElo "1502"]
[BlackElo "1507"]
[PlyCount "82"]

1. e4 e5 2. Nf3 d6 3. c3 Be6 4. Qc2 Nf6 5. Ng5 Qd7 6. d4 exd4 7. cxd4 h6 8.
Nxe6 Qxe6 9. Qxc7 Qxe4+ 10. Be3 Qc6 11. Qxc6+ Nxc6 12. Bb5 Rc8 13. O-O a6 14.
Ba4 b5 15. Bb3 Be7 16. Nc3 O-O 17. a3 Na5 18. Ba2 Nc4 19. Bxc4 Rxc4 20. Nd5
Nxd5 21. Rac1 Rfc8 22. Rxc4 Rxc4 23. Bc1 Bf6 24. Rd1 Rxd4 25. Re1 Kf8 26. g3
Bg5 27. f4 Bd8 28. Kg2 Ba5 29. b4 Nxb4 30. axb4 Bxb4 31. Re2 Rd1 32. Rc2 Bc5
33. Kf3 f5 34. Bd2 b4 35. Ke2 Rh1 36. h4 Rh2+ 37. Kf3 b3 38. Rb2 a5 39. Rxb3
Rxd2 40. Rb8+ Ke7 41. Rb5 a4 0-1

[Event "Tournoi francophone 005 Groupe C"]
[Site "Skype"]
[Date "????.??.??"]
[Round "2.2"]
[White "De Coninck, Philippe"]
[Black "Fouquereau, Andre"]
[Result "1-0"]
[WhiteElo "1475"]
[BlackElo "1502"]
[PlyCount "97"]

1. e4 e5 2. Nf3 d6 3. Bc4 Be7 4. d4 exd4 5. Nxd4 Nf6 6. Nc3 c6 7. O-O O-O 8.
Bf4 Nbd7 9. Nf5 Ne5 10. Bxe5 dxe5 11. Qxd8 Bxd8 12. Nd6 Bc7 13. Rad1 Bxd6 14.
Rxd6 Nxe4 15. Nxe4 Bf5 16. f3 a6 17. c3 Rac8 18. Ng5 Bg6 19. h4 h6 20. Ne4 b5
21. Bb3 a5 22. a4 bxa4 23. Bxa4 c5 24. Ra6 Bxe4 25. fxe4 Rb8 26. Rf2 f6 27.
Rxa5 c4 28. Rc5 Rfc8 29. Rxc8+ Rxc8 30. Rc2 Rb8 31. Bc6 Kf8 32. Bd5 Rc8 33. b3
cxb3 34. Bxb3 Ke7 35. c4 Kd6 36. c5+ Rxc5 37. Rxc5 Kxc5 38. Kf2 Kd4 39. Kf3 g5
40. hxg5 fxg5 41. Be6 h5 42. Bf5 Kd3 43. Bg6 g4+ 44. Kg3 Ke3 45. Kh4 Kf4 46.
Kxh5 Kg3 47. Kg5 Kxg2 48. Kxg4 Kf2 49. Kf5 1-0

[Event "Tournoi francophone 005 Groupe C"]
[Site "Skype"]
[Date "????.??.??"]
[Round "2.3"]
[White "Duthoit, Bernard"]
[Black "Briere, Jean"]
[Result "0-1"]
[WhiteElo "1539"]
[BlackElo "1390"]
[PlyCount "56"]

1. e4 e5 2. d4 exd4 3. c3 d6 4. cxd4 Nf6 5. Nc3 Nc6 6. d5 Ne5 7. Nf3 Bg4 8. Be2
Bxf3 9. Bxf3 g6 10. O-O Bg7 11. Bg5 Qd7 12. Be2 Qc8 13. Rc1 O-O 14. f4 Ned7 15.
Bxf6 Bxf6 16. Bg4 Qe8 17. Re1 Nb6 18. b3 Qe7 19. Rc2 Rfe8 20. Nb5 Nxd5 21. exd5
Qxe1+ 22. Qxe1 Rxe1+ 23. Kf2 Rae8 24. Nxc7 Bd4+ 25. Kg3 R8e3+ 26. Bf3 a6 27. b4
Rc3 28. Rd2 Be3 0-1

[Event "Tournoi francophone 005 Groupe C"]
[Site "Skype"]
[Date "????.??.??"]
[Round "2.4"]
[White "Le Brun, Yves"]
[Black "Kruk, Clementine"]
[Result "0-1"]
[WhiteElo "1516"]
[BlackElo "1443"]
[PlyCount "75"]

1. e4 e5 2. Nc3 Nf6 3. f4 Nc6 4. Nf3 d6 5. d4 exd4 6. Nxd4 Qe7 7. Qd3 g6 8. a3
Bf5 9. Nxf5 gxf5 10. Be2 fxe4 11. Qe3 d5 12. Na2 Rg8 13. O-O Bh6 14. c3 Qe6 15.
Bd2 Rd8 16. Kh1 d4 17. cxd4 Nxd4 18. Bd1 Qc4 19. Re1 b6 20. Nb4 c5 21. Rc1 Nf5
22. Qe2 Qxe2 23. Ba4+ Kf8 24. Rxe2 cxb4 25. Bxb4+ Kg7 26. Bc3 Kg6 27. Rf1 a6
28. Bc2 Nd6 29. f5+ Kg5 30. Bd2+ Kh5 31. Bd1 Bxd2 32. Rxd2+ Kh6 33. h3 Kg5 34.
Rdf2 h5 35. Bb3 e3 36. Rf4 e2 37. h4+ Kh6 38. Re1 0-1

[Event "Tournoi francophone 005 Groupe C"]
[Site "Skype"]
[Date "????.??.??"]
[Round "3.1"]
[White "Hargez, Dany"]
[Black "L'Herbon De Lussats, Jean"]
[Result "0-1"]
[WhiteElo "1462"]
[BlackElo "1481"]
[PlyCount "82"]

1. e4 c5 2. Nf3 Nc6 3. Bc4 e5 4. O-O Nf6 5. d3 d5 6. Bb5 Be7 7. Nxe5 Bd7 8.
Bxc6 Bxc6 9. Nxc6 bxc6 10. e5 Nd7 11. e6 fxe6 12. Qh5+ g6 13. Qh6 d4 14. Re1 e5
15. Re4 Bf6 16. Qh3 Qc7 17. Qe6+ Be7 18. Bg5 Nf8 19. Qxe5 Qxe5 20. Rxe5 O-O-O
21. Bxe7 Re8 22. Na3 g5 23. Nc4 Ng6 24. Nd6+ Kd7 25. Ree1 Rxe7 26. Rxe7+ Nxe7
27. Nf7 Rg8 28. Re1 Rg7 29. Ne5+ Kd6 30. Nc4+ Kc7 31. Re5 Nd5 32. Re8 Nb4 33.
c3 Nxd3 34. cxd4 cxd4 35. Re2 c5 36. Rc2 Re7 37. g3 Nb4 38. Rc1 Kc6 39. Na5+
Kb5 40. b3 Nxa2 41. Rxc5+ Kxc5 0-1

[Event "Tournoi francophone 005 Groupe C"]
[Site "Skype"]
[Date "????.??.??"]
[Round "3.3"]
[White "Briere, Jean"]
[Black "Le Brun, Yves"]
[Result "1-0"]
[WhiteElo "1390"]
[BlackElo "1516"]
[PlyCount "53"]

1. e4 e5 2. Nf3 d6 3. Nc3 c6 4. d4 Nd7 5. dxe5 dxe5 6. Be2 Be7 7. O-O Ngf6 8.
h3 h6 9. Be3 Qc7 10. a3 a5 11. Qd2 Nc5 12. Bxc5 Bxc5 13. Rad1 O-O 14. Rfe1 Qb6
15. Bd3 Qc7 16. Bc4 Nh5 17. Ng5 hxg5 18. Qxg5 Nf4 19. Qg3 Be6 20. Bxe6 Nxe6 21.
Na4 Be7 22. Re3 b5 23. Nc3 Nd4 24. Rxd4 Bc5 25. Red3 f6 26. Rd7 Qb6 27. Qxg7#
1-0

[Event "Tournoi francophone 005 Groupe C"]
[Site "Skype"]
[Date "????.??.??"]
[Round "3.4"]
[White "Fouquereau, Andre"]
[Black "Duthoit, Bernard"]
[Result "0-1"]
[WhiteElo "1502"]
[BlackElo "1539"]
[PlyCount "74"]

1. e4 e6 2. Nf3 d5 3. exd5 exd5 4. d4 Nf6 5. Bg5 Be7 6. Bxf6 Bxf6 7. Bd3 Nc6 8.
O-O O-O 9. c3 Re8 10. Nbd2 Ne7 11. Qc2 g6 12. Rae1 Bf5 13. Re3 Bxd3 14. Qxd3
Qd7 15. Rfe1 Bg7 16. Ne5 Bxe5 17. dxe5 c6 18. e6 fxe6 19. Rxe6 Nf5 20. Qe2 Rxe6
21. Qxe6+ Qxe6 22. Rxe6 Kf7 23. Re1 Re8 24. Rxe8 Kxe8 25. Nf3 h6 26. h4 Ke7 27.
g4 Ng7 28. Kg2 Kf6 29. Kg3 Ne6 30. a3 g5 31. h5 Nf4 32. Ng1 a6 33. Kf3 Ke5 34.
Ne2 Nxe2 35. Kxe2 Kf4 36. f3 b6 37. b3 c5 0-1

[Event "Tournoi francophone 005 Groupe C"]
[Site "Skype"]
[Date "????.??.??"]
[Round "4.1"]
[White "L'Herbon De Lussats, Jean"]
[Black "De Coninck, Philippe"]
[Result "1/2-1/2"]
[WhiteElo "1481"]
[BlackElo "1475"]
[PlyCount "88"]

1. e4 e5 2. Nf3 Nf6 3. Nxe5 d6 4. Nf3 Nxe4 5. Qe2 Qe7 6. d3 Nf6 7. Ng5 Qxe2+ 8.
Bxe2 Be7 9. O-O Nc6 10. Ne4 d5 11. Nec3 a6 12. Bf3 Be6 13. Bg5 h6 14. Bh4 O-O
15. Nd2 Rfe8 16. Rfe1 Nd4 17. Rac1 Nxf3+ 18. Nxf3 Rad8 19. Ne2 Bg4 20. Ne5 Bxe2
21. Rxe2 Nd7 22. Bg3 Nxe5 23. Bxe5 Bd6 24. Rce1 Rxe5 25. Rxe5 Bxe5 26. Rxe5 Kf8
27. f4 Rd6 28. g4 f6 29. Re3 Rb6 30. b3 Rb4 31. c4 dxc4 32. dxc4 b5 33. Re4
bxc4 34. Rxc4 Rxc4 35. bxc4 Ke7 36. Kf2 c5 37. Ke3 Kd7 38. Kd3 a5 39. Kc3 g6
40. h4 Kc6 41. a3 a4 42. Kd3 Kd6 43. f5 g5 44. h5 Kc6 1/2-1/2

[Event "Tournoi francophone 005 Groupe C"]
[Site "Skype"]
[Date "????.??.??"]
[Round "4.3"]
[White "Le Brun, Yves"]
[Black "Fouquereau, Andre"]
[Result "0-1"]
[WhiteElo "1516"]
[BlackElo "1502"]
[PlyCount "84"]

1. e4 e5 2. Nf3 d6 3. Nc3 c6 4. d4 exd4 5. Nxd4 g6 6. Be3 Bg7 7. Qd2 Qh4 8. Nf3
Qe7 9. O-O-O Nd7 10. Qxd6 Bxc3 11. bxc3 Qxd6 12. Rxd6 Ne7 13. Bg5 Nc5 14. Bd3
h6 15. Bf6 Rg8 16. Rd1 Be6 17. c4 Nd7 18. Nd4 Nxf6 19. Nxe6 fxe6 20. Rxe6 Kf7
21. Rd6 Nc8 22. c5 Nxd6 23. cxd6 Ke8 24. e5 Nd7 25. Bc4 Rg7 26. e6 Ne5 27. Be2
Rd8 28. f4 Nf7 29. exf7+ Rxf7 30. g3 Rf6 31. Bg4 Rfxd6 32. Re1+ Kf7 33. f5 gxf5
34. Bxf5 Kf6 35. Bd3 a5 36. Rf1+ Ke7 37. Rf4 b5 38. Rg4 Kf6 39. Rf4+ Ke7 40. g4
Rd4 41. Be4 Ra4 42. Kb2 Rdd4 0-1

[Event "Tournoi francophone 005 Groupe C"]
[Site "Skype"]
[Date "????.??.??"]
[Round "4.5"]
[White "Hargez, Dany"]
[Black "Kruk, Clementine"]
[Result "0-1"]
[WhiteElo "1462"]
[BlackElo "1443"]
[PlyCount "62"]

1. e4 e5 2. Nf3 Nc6 3. d4 exd4 4. Nxd4 Bc5 5. Nf5 Qf6 6. Bc4 g6 7. Ne3 d6 8.
O-O Be6 9. Bb5 Nge7 10. Bxc6+ Nxc6 11. Nd5 Bxd5 12. exd5 Ne5 13. Qe2 O-O-O 14.
Be3 Rhe8 15. Bxc5 dxc5 16. c4 h5 17. Nc3 Ng4 18. Ne4 Qf4 19. g3 Rxe4 20. gxf4
Rxe2 21. b3 Rde8 22. Kg2 R8e3 23. h3 Nf6 24. Rae1 Ne4 25. Rxe2 Rxe2 26. Kg1
Rxa2 27. Re1 Nxf2 28. Re3 Kd7 29. Kf1 c6 30. Re5 Nxh3 31. dxc6+ Kxc6 0-1

[Event "Tournoi francophone 005 Groupe C"]
[Site "Skype"]
[Date "????.??.??"]
[Round "5.1"]
[White "Kruk, Clementine"]
[Black "L'Herbon De Lussats, Jean"]
[Result "0-1"]
[WhiteElo "1443"]
[BlackElo "1481"]
[PlyCount "96"]

1. e4 e6 2. d4 d5 3. Nc3 c5 4. exd5 exd5 5. dxc5 Nf6 6. Bb5+ Nc6 7. Qe2+ Be7 8.
Bg5 O-O 9. Bxc6 bxc6 10. Nf3 Re8 11. O-O Bxc5 12. Qd3 h6 13. Bh4 a5 14. Rfe1
Be6 15. Ne5 Rc8 16. Qf3 Be7 17. Rad1 Nh7 18. Bxe7 Rxe7 19. Ne4 Qb6 20. Nd6 Ng5
21. Qa3 Rcc7 22. h4 c5 23. hxg5 Qxd6 24. gxh6 gxh6 25. Qg3+ Kh7 26. Qd3+ f5 27.
Nc4 Qa6 28. Ne3 Qxd3 29. Rxd3 d4 30. Nd1 Bxa2 31. Rxe7+ Rxe7 32. Rd2 Bd5 33. f3
Re1+ 34. Kh2 a4 35. Rd3 f4 36. c4 Bxc4 37. Nf2 Re2 38. Ra3 Rxf2 39. Rxa4 Rc2
40. Ra7+ Kg6 41. Rc7 Bd5 42. Rd7 Be6 43. b4 Bxd7 44. bxc5 d3 45. Kg1 d2 46. Kh2
d1=Q 47. c6 Rxc6 48. g3 Rc2# 0-1

[Event "Tournoi francophone 005 Groupe C"]
[Site "Skype"]
[Date "????.??.??"]
[Round "5.5"]
[White "De Coninck, Philippe"]
[Black "Duthoit, Bernard"]
[Result "1-0"]
[WhiteElo "1475"]
[BlackElo "1539"]
[PlyCount "35"]

1. e4 e6 2. d4 d5 3. e5 c5 4. c3 Nc6 5. Nf3 Qb6 6. Be2 cxd4 7. cxd4 Bb4+ 8. Nc3
Nge7 9. O-O Nf5 10. Na4 Qc7 11. g4 Nfe7 12. Bd2 Bxd2 13. Qxd2 O-O 14. Rac1 a6
15. h3 Bd7 16. a3 f5 17. Nh4 Nxe5 18. Rxc7 1-0

[Event "Tournoi francophone 005 Groupe C"]
[Site "Skype"]
[Date "????.??.??"]
[Round "6.1"]
[White "L'Herbon De Lussats, Jean"]
[Black "Duthoit, Bernard"]
[Result "1-0"]
[WhiteElo "1481"]
[BlackElo "1539"]
[PlyCount "29"]

1. e4 e6 2. d4 d5 3. exd5 exd5 4. Nf3 Nf6 5. c4 dxc4 6. Bxc4 Bb4+ 7. Bd2 Bxd2+
8. Nbxd2 O-O 9. O-O Re8 10. Ng5 Rf8 11. Qb3 Qd7 12. Ndf3 h6 13. Ne5 Qe7 14.
Bxf7+ Kh8 15. Ng6# 1-0

[Event "Tournoi francophone 005 Groupe C"]
[Site "Skype"]
[Date "????.??.??"]
[Round "6.2"]
[White "Le Brun, Yves"]
[Black "De Coninck, Philippe"]
[Result "1-0"]
[WhiteElo "1516"]
[BlackElo "1475"]
[PlyCount "49"]

1. e4 e5 2. Nf3 Nc6 3. d4 exd4 4. Nxd4 Nf6 5. Nxc6 dxc6 6. Qxd8+ Kxd8 7. Bg5
Be7 8. Bd3 Kd7 9. O-O Rd8 10. e5 Ng4 11. Bxe7 Kxe7 12. Re1 g6 13. Nd2 Nh6 14.
Rad1 Bf5 15. Nf3 Kf8 16. Bxf5 Rxd1 17. Rxd1 Nxf5 18. g4 Nh6 19. h3 Kg7 20. Rd7
Rc8 21. g5 Ng8 22. e6 Kf8 23. Rxf7+ Ke8 24. Rxh7 Ne7 25. Rh8+ 1-0

[Event "Tournoi francophone 005 Groupe C"]
[Site "Skype"]
[Date "????.??.??"]
[Round "6.4"]
[White "Hargez, Dany"]
[Black "Fouquereau, Andre"]
[Result "1/2-1/2"]
[WhiteElo "1462"]
[BlackElo "1502"]
[PlyCount "100"]

1. e4 e5 2. Nf3 d6 3. d4 exd4 4. Nxd4 Be7 5. Bc4 Bg4 6. Qxg4 Bf6 7. Nf5 g6 8.
Ne3 Nd7 9. c3 Ne5 10. Bxf7+ Kxf7 11. Qd1 Ne7 12. Nd5 c6 13. Nxf6 Kxf6 14. O-O
Qb6 15. b4 Rad8 16. Be3 Qc7 17. Nd2 Rhf8 18. Bd4 Kf7 19. Nf3 b6 20. a3 Nxf3+
21. Qxf3+ Kg8 22. Qh3 c5 23. bxc5 dxc5 24. Qe6+ Rf7 25. Be5 Qc8 26. Qh3 Qxh3
27. gxh3 Rg7 28. Bg3 Re8 29. Rae1 Nc6 30. Re3 Kf7 31. Rfe1 Re6 32. e5 b5 33. f4
Ne7 34. Rd1 a6 35. Rd7 Kf8 36. Ra7 Nf5 37. Rd3 Rge7 38. Rxe7 Nxe7 39. Rd6 Rxd6
40. exd6 Nc6 41. Bf2 c4 42. Bc5 Kf7 43. Kf2 Ke6 44. Ke3 Kf5 45. d7 Ke6 46. d8=Q
Nxd8 47. Ke4 Nc6 48. Ke3 Kf5 49. a4 Ke6 50. a5 Kd5 1/2-1/2

[Event "Tournoi francophone 005 Groupe C"]
[Site "Skype"]
[Date "????.??.??"]
[Round "6.5"]
[White "Kruk, Clementine"]
[Black "Briere, Jean"]
[Result "1-0"]
[WhiteElo "1443"]
[BlackElo "1390"]
[PlyCount "63"]

1. e4 e5 2. Nf3 Nc6 3. Bc4 Bc5 4. d3 Nf6 5. Nc3 O-O 6. Bg5 h6 7. Bh4 d6 8. h3
Be6 9. Bb3 Re8 10. O-O Nd4 11. Nxd4 Bxd4 12. Rb1 Bxb3 13. axb3 Re6 14. Nd5 g5
15. Bg3 Nxd5 16. exd5 Rf6 17. c3 Bb6 18. d4 exd4 19. cxd4 Rf5 20. Qh5 Qf6 21.
Rbd1 Re8 22. Rfe1 Rxe1+ 23. Rxe1 Bxd4 24. Re2 Kg7 25. Qg4 Rxd5 26. h4 Rf5 27.
hxg5 Rxg5 28. Qh4 c5 29. Bf4 Rf5 30. Qg4+ Kf8 31. Bxh6+ Qg7 32. Bxg7+ 1-0

[Event "Tournoi francophone 005 Groupe C"]
[Site "Skype"]
[Date "????.??.??"]
[Round "7.1"]
[White "Duthoit, Bernard"]
[Black "Le Brun, Yves"]
[Result "1-0"]
[WhiteElo "1539"]
[BlackElo "1516"]
[PlyCount "23"]

1. e4 e5 2. d4 Nc6 3. d5 Nce7 4. Nf3 d6 5. Bb5+ c6 6. dxc6 bxc6 7. Ba4 Nf6 8.
Nc3 Ba6 9. Bg5 h6 10. Bxf6 gxf6 11. Nd5 Bb7 12. Nxf6# 1-0

[Event "Tournoi francophone 005 Groupe C"]
[Site "Skype"]
[Date "????.??.??"]
[Round "7.2"]
[White "Fouquereau, Andre"]
[Black "Kruk, Clementine"]
[Result "0-1"]
[WhiteElo "1502"]
[BlackElo "1443"]
[PlyCount "72"]

1. e4 e5 2. Nf3 Nc6 3. c3 Nf6 4. Qc2 Bc5 5. Bc4 O-O 6. b4 Bb6 7. O-O a6 8. d3
d5 9. exd5 Nxd5 10. d4 exd4 11. Ng5 g6 12. Bb2 Qxg5 13. Bxd5 Qxd5 14. a3 dxc3
15. Qxc3 Nd4 16. Nd2 Ne2+ 17. Kh1 Nxc3 18. Bxc3 Bf5 19. Nf3 Rfe8 20. Rfd1 Qc6
21. Rac1 Qb5 22. Nd4 Bxd4 23. Bxd4 c6 24. Bc5 Rad8 25. Re1 Rxe1+ 26. Rxe1 b6
27. Be3 a5 28. Bg5 Rc8 29. bxa5 bxa5 30. Bd2 c5 31. Rc1 Re8 32. h3 Re2 33. Be3
c4 34. a4 Qxa4 35. Bd4 Qa2 36. Rxc4 Qxc4 0-1

[Event "Tournoi francophone 005 Groupe C"]
[Site "Skype"]
[Date "????.??.??"]
[Round "7.3"]
[White "Briere, Jean"]
[Black "L'Herbon De Lussats, Jean"]
[Result "0-1"]
[WhiteElo "1390"]
[BlackElo "1481"]
[PlyCount "88"]

1. e4 g6 2. d4 Bg7 3. Nf3 d5 4. e5 Bf5 5. Bd3 Qc8 6. Nc3 Be6 7. O-O c5 8. dxc5
Qxc5 9. Be3 Qc8 10. Bb5+ Nd7 11. Nxd5 a6 12. Bxd7+ Qxd7 13. Nb6 Qxd1 14. Rfxd1
Rd8 15. Rxd8+ Kxd8 16. Rd1+ Ke8 17. b3 Bf5 18. Na8 f6 19. Nc7+ Kf7 20. exf6
Bxf6 21. c4 h5 22. Ng5+ Bxg5 23. Bxg5 Nf6 24. Nd5 Rd8 25. Bxf6 exf6 26. Re1 Be6
27. Nf4 Bf5 28. g3 Bg4 29. Kg2 g5 30. Nd5 Be6 31. Nc7 Bf5 32. h3 Rd4 33. Re3 h4
34. g4 Be4+ 35. Kf1 f5 36. gxf5 Bxf5 37. Nd5 g4 38. hxg4 Bxg4 39. f3 Bf5 40. f4
h3 41. Rxh3 Bxh3+ 42. Ke2 Bf5 43. a4 b5 44. axb5 axb5 0-1

[Event "Tournoi francophone 005 Groupe C"]
[Site "Skype"]
[Date "????.??.??"]
[Round "8.1"]
[White "L'Herbon De Lussats, Jean"]
[Black "Le Brun, Yves"]
[Result "1-0"]
[WhiteElo "1481"]
[BlackElo "1516"]
[PlyCount "96"]

1. d4 Nf6 2. c4 e6 3. Nf3 d5 4. cxd5 Nxd5 5. e4 Nb6 6. Nc3 a6 7. Bd3 Nc6 8. Bd2
Nd7 9. O-O Be7 10. e5 Nf8 11. a3 Ng6 12. Qc2 Nh4 13. Ne4 Nxf3+ 14. gxf3 Bd7 15.
Rad1 Na7 16. f4 Bb5 17. Kh1 Bxd3 18. Qxd3 Qd5 19. f3 Kd7 20. Rg1 g6 21. Rg3
Rag8 22. Rc1 Qb5 23. Qc2 Nc6 24. a4 Qd5 25. Qd3 Nb4 26. Qe3 Kc8 27. Qc3 Qd7 28.
Qc4 Nd5 29. Be1 Rd8 30. Bd2 Nb6 31. Qc2 Nxa4 32. b4 Kb8 33. Ng5 Bf8 34. Nxf7
Qxf7 35. Qxa4 Rxd4 36. Rg2 Bh6 37. Qa5 Rhd8 38. b5 R8d5 39. Re1 Rxb5 40. Qc3
Qd7 41. Re4 Rd3 42. Qc4 Rxd2 43. Ree2 Rb1+ 44. Rg1 Rxg1+ 45. Kxg1 Rd1+ 46. Kf2
Rd4 47. Qc5 Rxf4 48. Re4 Rh4 1-0

[Event "Tournoi francophone 005 Groupe C"]
[Site "Skype"]
[Date "????.??.??"]
[Round "8.3"]
[White "Briere, Jean"]
[Black "Fouquereau, Andre"]
[Result "0-1"]
[WhiteElo "1390"]
[BlackElo "1502"]
[PlyCount "58"]

1. e4 e5 2. Nf3 d6 3. Bc4 Be7 4. d4 exd4 5. Qxd4 Nc6 6. Qxg7 Be6 7. Bxe6 fxe6
8. Qxh8 Kd7 9. Qxh7 Nf6 10. Qg6 Qh8 11. Qh6 Qg8 12. Nc3 Qxg2 13. Rg1 Qxf3 14.
Rg3 Qh1+ 15. Kd2 Qf1 16. Qe3 Ne5 17. b3 Nfg4 18. Bb2 Nxe3 19. Rxf1 Nxf1+ 20.
Ke2 Nxg3+ 21. hxg3 Rh8 22. f4 Rh2+ 23. Ke3 Rxc2 24. Na4 Ng6 25. a3 b5 26. Bd4
bxa4 27. bxa4 Rc4 28. Bxa7 Rxa4 29. Bd4 Rxa3+ 0-1

[Event "Tournoi francophone 005 Groupe C"]
[Site "Skype"]
[Date "????.??.??"]
[Round "8.4"]
[White "Hargez, Dany"]
[Black "De Coninck, Philippe"]
[Result "1-0"]
[WhiteElo "1462"]
[BlackElo "1475"]
[PlyCount "63"]

1. e4 e5 2. Nf3 Nf6 3. Nxe5 d6 4. Nf3 Nxe4 5. d4 Qe7 6. Be2 Bg4 7. O-O g6 8.
Be3 Bg7 9. Nc3 c6 10. Nxe4 Qxe4 11. Nd2 Bxe2 12. Qxe2 Qxc2 13. Bh6+ Kf8 14.
Bxg7+ Kxg7 15. b3 Nd7 16. Rfc1 Qf5 17. Nf3 Rhe8 18. Qb2 Nf6 19. h4 Re4 20. Qc3
Nd5 21. Qb2 Nf4 22. d5+ f6 23. Ng5 Re2 24. Qd4 c5 25. Qd1 Rae8 26. Ne6+ Kf7 27.
Qf1 Nd3 28. Qxe2 Nxc1 29. Rxc1 Qxd5 30. Ng5+ Qxg5 31. Qxe8+ Kxe8 32. hxg5 1-0

[Event "Tournoi francophone 005 Groupe C"]
[Site "Skype"]
[Date "????.??.??"]
[Round "9.1"]
[White "Fouquereau, Andre"]
[Black "L'Herbon De Lussats, Jean"]
[Result "1-0"]
[WhiteElo "1502"]
[BlackElo "1481"]
[PlyCount "101"]

1. e4 c5 2. Nf3 Nc6 3. Bc4 e6 4. c3 g6 5. d4 cxd4 6. cxd4 d5 7. exd5 exd5 8.
Bb5 Nf6 9. O-O Be6 10. Re1 Bg7 11. Ne5 O-O 12. Nxc6 bxc6 13. Bxc6 Rc8 14. Ba4
Nh5 15. Be3 Bh8 16. Nd2 Ng7 17. Nf3 Nf5 18. Bf4 f6 19. Rxe6 Rf7 20. Rc1 Re7 21.
Rec6 Ra8 22. Bc7 Qe8 23. Re6 Qf7 24. Rxe7 Qxe7 25. Qd2 a6 26. Bb6 Bg7 27. Re1
Qd6 28. Bc5 Qc7 29. Re8+ Rxe8 30. Bxe8 Bh6 31. Qe2 Nd6 32. Qe6+ Kg7 33. Qxd6
Qxd6 34. Bxd6 f5 35. a4 Bc1 36. b4 Ba3 37. b5 Bxd6 38. bxa6 Bb8 39. Kf1 h5 40.
Ke2 Kf6 41. Kd3 g5 42. Bxh5 g4 43. Ne5 Kg5 44. Be8 Ba7 45. Nc6 Bb6 46. a7 Bxa7
47. Nxa7 Kf4 48. Bc6 Kg5 49. a5 f4 50. g3 f3 51. a6 1-0

[Event "Tournoi francophone 005 Groupe C"]
[Site "Skype"]
[Date "????.??.??"]
[Round "9.2"]
[White "Duthoit, Bernard"]
[Black "Hargez, Dany"]
[Result "0-1"]
[WhiteElo "1539"]
[BlackElo "1462"]
[PlyCount "126"]

1. e4 e5 2. d4 Nc6 3. d5 Nd4 4. c3 c5 5. cxd4 cxd4 6. Nf3 d6 7. Nbd2 Bg4 8.
Bb5+ Bd7 9. Bxd7+ Qxd7 10. O-O Be7 11. Nc4 Nf6 12. Nfd2 O-O 13. f4 Ng4 14. fxe5
dxe5 15. h3 Nf6 16. Nxe5 Qb5 17. Ndf3 d3 18. Qxd3 Qxd3 19. Nxd3 Nxe4 20. Re1 f5
21. g4 Bc5+ 22. Nxc5 Nxc5 23. g5 Ne4 24. Bf4 Rac8 25. Rac1 Rxc1 26. Rxc1 g6 27.
Rc7 Rd8 28. Be5 Kf8 29. d6 Nxd6 30. Rxh7 Nf7 31. Nd4 Nxe5 32. Ne6+ Kg8 33. Rg7+
Kh8 34. Rxb7 Rd1+ 35. Kf2 Rd2+ 36. Ke3 Nc4+ 37. Kf4 Rf2+ 38. Kg3 Rxb2 39. Rxa7
Rb8 40. Nf4 Ne5 41. Re7 Rb5 42. a4 Rb3+ 43. Kg2 Rb2+ 44. Kf1 Nf3 45. Nxg6+ Kg8
46. Re2 Rb1+ 47. Kf2 Nxg5 48. h4 Nh3+ 49. Kg2 Nf4+ 50. Nxf4 Rb4 51. Rf2 Rxa4
52. h5 Kh7 53. Ng6 Rg4+ 54. Kh3 Rg5 55. Nf4 Kh6 56. Re2 Rg4 57. Re6+ Kg5 58.
Rg6+ Kxf4 59. Rxg4+ fxg4+ 60. Kh4 g3 61. Kh3 Kf3 62. h6 g2 63. h7 g1=Q 0-1

[Event "Tournoi francophone 005 Groupe C"]
[Site "Skype"]
[Date "????.??.??"]
[Round "9.3"]
[White "De Coninck, Philippe"]
[Black "Kruk, Clementine"]
[Result "0-1"]
[WhiteElo "1475"]
[BlackElo "1443"]
[PlyCount "44"]

1. e4 e5 2. f4 d6 3. Nf3 Nc6 4. Bb5 Bd7 5. Nc3 Nf6 6. d3 Qe7 7. Bxc6 Bxc6 8.
fxe5 dxe5 9. O-O Qc5+ 10. Kh1 Ng4 11. Qe2 Be7 12. h3 h5 13. Nh2 Bd7 14. Qf3 Be6
15. Re1 Nf2+ 16. Kg1 Nxd3+ 17. Be3 Nxe1 18. Rxe1 Qc4 19. a3 Bc5 20. Qg3 Bxe3+
21. Rxe3 Qd4 22. Nb5 Qc5 0-1